BDR3 dimensions - Statistiques

Statistiques générales
  • Ce quiz a été pris 57 fois
    46 depuis la dernière actualisation
  • Le résultat moyen est 10 sur 31
Statistiques - réponses
Structure Mesure % Correct
Canal ejaculateur d 1mm
67%
pH du liquide sécrété par vésicule séminale 7,5-8
67%
Terminaison Canal efférent d 0,2mm
33%
% spz dans sperme 10
33%
Corps spongieux L 12 à 16cm
33%
Tubes seminiferes d 150 à 300 microns
33%
Corps caverneux L 15 à 20cm
33%
Leydig d 15 à 20 microns
33%
Vésicule séminale l 1,5 à 3cm
33%
Vésicule séminale L 1 à 8 cm
33%
Utricule prostatique p 1cm
33%
Canal efférent L 20cm
33%
Masse prostate 20g
33%
Testicules e 2,5 cm
33%
Tubes droits d 25microns
33%
Gaine peritubulaire e 2 à 5 microns
33%
Canal ejaculateur L 2cm
33%
% liquide prostatique ds sperme 30
33%
Tubes seminiferes L 30 cm à 1,5m
33%
Testicules l 3cm
33%
Ampoule du déférent l 4cm
33%
Cellule epididymaire h 50microns
33%
Canal epididymaire L 5 à 8m
33%
Testicules L 5 cm
33%
Épididyme L 5cm
33%
% liquide des vésicules séminales ds sperme 60
33%
pH liquide prostatique 6,5
33%
Ampoule du déférent L 7cm
33%
Canal epididymaire d 0,5mm
0%
Canal déférent d 2mm
0%
Canal déférent L 40cm
0%
Aucun quiz correspondant
Distribution des résultats
% des personnes avec chaque résultat
Percentile par nombre de réponses
Votre historique - résultats
Vous n’avez pas pris ce quiz depuis la dernière actualisation